Land hatte einen Spieler, der den goldenen Ball gewann - Statistiken

Allgemein
  • Dieses Quiz wurde 270 mal gespielt
  • Das Durchschnittsergebnis liegt bei 13 aus 20
Antwortstatistiken
Anzahl goldener Ball Land % Korrekt
7 Deutschland
99%
6 Argentinien
98%
7 Portugal
98%
5 Brasilien
96%
5 Italien
95%
6 Frankreich
94%
3 Spanien
94%
5 England
90%
7 Niederlande
84%
1 Kroatien
70%
1 Ungarn
65%
2 Tschechien
57%
1 Dänemark
56%
3 Sowjetunion
47%
1 Ukraine
45%
1 Schottland
44%
1 Bulgarien
39%
1 Nordirland
33%
1 Liberia
30%
1 Czechoslovakia
6%
Keine übereinstimmenden Quizze gefunden
Verteilung der Resultate
Anzahl Personen mit jedem Resultat
Perzentil nach korrekt beantworteten Fragen
Ihre Resultats-Entwicklung
Sie haben dieses Quiz noch nicht gespielt